[Event "Titled Tuesday intern op 6th June"]
[Site "Chess.com INT"]
[Date "2020.06.02"]
[Round "1"]
[White "Fiori, Hector Dionisio"]
[Black "Karthikeyan, Murali"]
[Result "0-1"]
[WhiteElo "2015"]
[BlackElo "2606"]
[PlyCount "72"]
[EventDate "2020.06.02"]
[EventType "swiss (blitz)"]
[EventRounds "10"]
[EventCountry "USA"]
[SourceTitle "CBM 196 Extra"]
[Source "ChessBase"]
[SourceDate "2020.07.31"]
[SourceVersion "1"]
[SourceVersionDate "2020.07.31"]
[SourceQuality "1"]

1. e4 c5 2. Nf3 Nc6 3. d4 cxd4 4. Nxd4 Nf6 5. Nc3 d6 6. g3 Bd7 7. Bg2 g6 8. 0-0 Bg7 9. Nde2 0-0 10. h3 Ne5 11. b3 Rc8 12. Be3 Bc6 13. f4 Ned7 14. Qd2 b5 15. Rad1 b4 16. Nd5 Nxd5 17. exd5 Bb5 18. Rfe1 Bxe2 19. Rxe2 Bc3 20. Qd3 Nc5 21. Bxc5 Rxc5 22. f5 Be5 23. Qe4 Qc7 24. fxg6 hxg6 25. g4 a5 26. Rf1 Rc3 27. Ref2 Qc5 28. Kh1 Kg7 29. h4 Qd4 30. Bf3 Qxe4 31. Bxe4 Rh3+ 32. Kg2 Rxh4 33. Bf3 Rfh8 34. Rg1 Bd4 35. Rff1 Rh2+ 36. Kg3 Be5# 0-1

[Event "Titled Tuesday intern op 6th June"]
[Site "Chess.com INT"]
[Date "2020.06.02"]
[Round "5"]
[White "Kiseleva, Simona"]
[Black "Fiori, Hector Dionisio"]
[Result "0-1"]
[WhiteElo "2171"]
[BlackElo "2015"]
[PlyCount "80"]
[EventDate "2020.06.02"]
[EventType "swiss (blitz)"]
[EventRounds "10"]
[EventCountry "USA"]
[SourceTitle "CBM 196 Extra"]
[Source "ChessBase"]
[SourceDate "2020.07.31"]
[SourceVersion "1"]
[SourceVersionDate "2020.07.31"]
[SourceQuality "1"]

1. e4 c5 2. Nc3 e6 3. d3 a6 4. Nf3 b5 5. g3 Bb7 6. Ne2 Nf6 7. Bg2 d5 8. exd5 Nxd5 9. 0-0 Nc6 10. Nf4 Be7 11. Nxd5 exd5 12. Re1 0-0 13. c3 Bf6 14. Bf4 Ra7 15. Qd2 d4 16. c4 bxc4 17. dxc4 Ne7 18. Bg5 Ng6 19. Bxf6 Qxf6 20. Nh4 Nxh4 21. Bxb7 Rxb7 22. gxh4 Qxh4 23. b3 Rb6 24. Kh1 Rf6 25. Re2 h6 26. Rg1 Kh8 27. Rg2 Rd8 28. Qd3 Qf4 29. Rg3 g6 30. Kg2 Rdd6 31. Re4 Qc1 32. h3 Kg7 33. Re2 Rf4 34. Rg4 Rxg4+ 35. hxg4 Qg5 36. f3 Rf6 37. Qe4 h5 38. Kg3 h4+ 39. Kg2 Re6 40. Qd3 Re3 0-1

[Event "Titled Tuesday intern op 6th June"]
[Site "Chess.com INT"]
[Date "2020.06.02"]
[Round "10"]
[White "Schekachikhin, Maksim"]
[Black "Fiori, Hector Dionisio"]
[Result "1-0"]
[WhiteElo "2406"]
[BlackElo "2015"]
[PlyCount "125"]
[EventDate "2020.06.02"]
[EventType "swiss (blitz)"]
[EventRounds "10"]
[EventCountry "USA"]
[SourceTitle "CBM 196 Extra"]
[Source "ChessBase"]
[SourceDate "2020.07.31"]
[SourceVersion "1"]
[SourceVersionDate "2020.07.31"]
[SourceQuality "1"]

1. e4 c5 2. Nf3 e6 3. b3 d5 4. exd5 exd5 5. Bb5+ Nc6 6. 0-0 Nf6 7. Re1+ Be7 8. Ne5 Qb6 9. Bxc6+ bxc6 10. Bb2 Be6 11. Nf3 0-0 12. Ng5 c4 13. Nxe6 fxe6 14. Nc3 cxb3 15. axb3 Bc5 16. Qe2 Ne4 17. Nxe4 dxe4 18. Rf1 Rad8 19. Rad1 Qb4 20. Qg4 g6 21. Qxe6+ Rf7 22. Qe5 Bd4 23. Bxd4 Qxd4 24. Qxd4 Rxd4 25. Rfe1 Rfd7 26. Re2 Kf7 27. Kf1 Kf6 28. Ke1 Kf5 29. Ra1 a5 30. Rxa5+ Kf4 31. Ra4 Rxa4 32. bxa4 Ra7 33. g3+ Kf5 34. Re3 Rxa4 35. Ke2 c5 36. Rc3 c4 37. f3 g5 38. fxe4+ Kxe4 39. g4 h6 40. h3 Kf4 41. Rf3+ Ke5 42. Rf5+ Ke6 43. Rc5 Kd6 44. Rf5 Ke6 45. Rb5 Ra3 46. c3 Kf6 47. Rb6+ Ke5 48. Rxh6 Kf4 49. Rc6 Kg3 50. Rxc4 Kxh3 51. Re4 Ra2 52. Kd3 Ra1 53. c4 Rg1 54. c5 Rxg4 55. Rxg4 Kxg4 56. c6 Kf3 57. c7 g4 58. c8Q g3 59. Qf5+ Kg2 60. Ke2 Kh2 61. Kf3 g2 62. Qh5+ Kg1 63. Qh3 1-0

[Event "Titled Tuesday intern op 26th May"]
[Site "Chess.com INT"]
[Date "2020.05.26"]
[Round "3"]
[White "Fiori, Hector Dionisio"]
[Black "Voiteanu, Christian Gabriel"]
[Result "0-1"]
[WhiteElo "2015"]
[BlackElo "2121"]
[PlyCount "100"]
[EventDate "2020.05.26"]
[EventType "swiss (blitz)"]
[EventRounds "10"]
[EventCountry "USA"]
[SourceTitle "CBM 196 Extra"]
[Source "ChessBase"]
[SourceDate "2020.07.31"]
[SourceVersion "1"]
[SourceVersionDate "2020.07.31"]
[SourceQuality "1"]

1. e4 e5 2. Nf3 Nf6 3. Nxe5 d6 4. Nf3 Nxe4 5. Nc3 Nxc3 6. dxc3 Bf5 7. Bf4 Nc6 8. Qd2 Be7 9. 0-0-0 Qd7 10. h3 h5 11. Bb5 0-0-0 12. Rhe1 Bf6 13. Qd5 Be6 14. Bxc6 Qxc6 15. Qxc6 bxc6 16. Ng5 Bxa2 17. b3 Bxc3 18. Re4 f6 19. Nf3 Rde8 20. Ra4 Bxb3 21. cxb3 Re2 22. Be3 Re8 23. Rxa7 Kd7 24. Rd3 Be5 25. Nxe5+ Rxe5 26. Kd1 Rb2 27. Ra3 Rb5 28. Kc1 Re2 29. Rd2 Re1+ 30. Kc2 h4 31. Ra4 g5 32. Rd1 Re2+ 33. Kd3 Rb2 34. Rc1 R2xb3+ 35. Rc3 Rxc3+ 36. Kxc3 c5 37. Ra8 Rb1 38. g3 Rh1 39. gxh4 gxh4 40. Rf8 Ke7 41. Rc8 Kd7 42. Rf8 Ke7 43. Rh8 Rxh3 44. Kd3 Rh1 45. Ke4 Ke6 46. Re8+ Kd7 47. Rh8 c4 48. Kd4 h3 49. Kxc4 h2 50. Kd3 Rd1+ 0-1

[Event "ARG-ch sf 95th"]
[Site "Buenos Aires"]
[Date "2020.02.22"]
[Round "1"]
[White "Fiori, Hector Dionisio"]
[Black "Sorin, Ariel"]
[Result "1/2-1/2"]
[WhiteElo "2031"]
[BlackElo "2402"]
[PlyCount "99"]
[EventDate "2020.02.22"]
[EventType "swiss"]
[EventRounds "9"]
[EventCountry "ARG"]
[SourceTitle "CBM 195 Extra"]
[Source "ChessBase"]
[SourceDate "2020.05.31"]
[SourceVersion "1"]
[SourceVersionDate "2020.05.31"]
[SourceQuality "1"]

1. e4 e5 2. Nf3 Nc6 3. d4 exd4 4. Nxd4 Bc5 5. Be3 Qf6 6. Nxc6 Bxe3 7. fxe3 dxc6 8. Nc3 Be6 9. Qd4 Qh4+ 10. g3 Qg5 11. 0-0-0 Nf6 12. Ne2 0-0 13. Nf4 c5 14. Qa4 Bg4 15. Rd2 Bf3 16. Rg1 Bxe4 17. Bg2 Rfe8 18. Qb3 Bxg2 19. Rgxg2 b6 20. g4 c4 21. Qxc4 Rxe3 22. c3 Rae8 23. Qxc7 R3e7 24. h4 Qa5 25. Qc6 Qxa2 26. Rge2 Rxe2 27. Rxe2 Rd8 28. Kc2 Qa5 29. Nh5 Qd5 30. Nxf6+ gxf6 31. Re8+ Kg7 32. Qxd5 Rxd5 33. Re7 a5 34. Rb7 b5 35. b3 h5 36. gxh5 f5 37. c4 bxc4 38. bxc4 Rd4 39. Kc3 Rxh4 40. c5 Kf6 41. Rb6+ Ke5 42. Ra6 a4 43. h6 Kd5 44. Rf6 Kxc5 45. Rxf5+ Kd6 46. Rxf7 Rxh6 47. Ra7 Rh4 48. Ra5 Kc6 49. Kb2 Kb6 50. Rg5 1/2-1/2

[Event "Buenos Aires Szmetan Giardelli op"]
[Site "Buenos Aires"]
[Date "2018.12.07"]
[Round "4"]
[White "Faingerch, Sebastian"]
[Black "Fiori, Hector Dionisio"]
[Result "1-0"]
[WhiteElo "1960"]
[BlackElo "2097"]
[PlyCount "85"]
[EventDate "2018.12.04"]
[EventType "swiss"]
[EventRounds "9"]
[EventCountry "ARG"]
[SourceTitle "CBM 187 Extra"]
[Source "ChessBase"]
[SourceDate "2018.11.04"]
[SourceVersion "1"]
[SourceVersionDate "2018.11.04"]
[SourceQuality "1"]

1. e4 c5 2. Nf3 e6 3. d3 Nc6 4. g3 g6 5. Bg2 Bg7 6. c3 Nge7 7. 0-0 0-0 8. a4 d6 9. Na3 b6 10. Re1 Bb7 11. h4 e5 12. Nc4 h6 13. Bd2 f5 14. b4 cxb4 15. cxb4 f4 16. b5 Na5 17. Nxa5 bxa5 18. Qb3+ Kh7 19. Qc3 fxg3 20. fxg3 d5 21. Qxa5 dxe4 22. dxe4 Qd3 23. Re3 Qd7 24. Rc1 Rac8 25. Rxc8 Nxc8 26. Qb4 Re8 27. Kh2 Bf8 28. Qc3 Qg7 29. Bh3 Nd6 30. Qc2 Be7 31. Bc3 Bf6 32. Nd2 g5 33. Bb4 g4 34. Bxd6 Rc8 35. Rc3 Rxc3 36. Qxc3 gxh3 37. Qc7 Qxc7 38. Bxc7 Bc8 39. a5 Bd7 40. b6 axb6 41. axb6 Bc8 42. Nc4 Bb7 43. Nd6 1-0

[Event "Buenos Aires Szmetan Giardelli op"]
[Site "Buenos Aires"]
[Date "2018.12.05"]
[Round "2"]
[White "Rasgido, Alejandro"]
[Black "Fiori, Hector Dionisio"]
[Result "1-0"]
[WhiteElo "1890"]
[BlackElo "2097"]
[PlyCount "86"]
[EventDate "2018.12.04"]
[EventType "swiss"]
[EventRounds "9"]
[EventCountry "ARG"]
[SourceTitle "CBM 187 Extra"]
[Source "ChessBase"]
[SourceDate "2018.11.04"]
[SourceVersion "1"]
[SourceVersionDate "2018.11.04"]
[SourceQuality "1"]

1. d4 Nf6 2. c3 g6 3. Bg5 Bg7 4. Qc2 0-0 5. e4 d6 6. Nf3 Nfd7 7. Bc4 Qe8 8. 0-0 e5 9. Nbd2 Nc6 10. dxe5 Ndxe5 11. Nxe5 Nxe5 12. Be2 Qc6 13. Be3 Be6 14. h3 Nc4 15. Nxc4 Bxc4 16. Rfe1 Rfe8 17. f3 f5 18. Bxc4+ Qxc4 19. exf5 gxf5 20. Qb3 Qxb3 21. axb3 a5 22. Bd2 Kf7 23. Kf2 b6 24. g3 h5 25. Rxe8 Rxe8 26. Re1 Re5 27. Rxe5 dxe5 28. Bg5 Bf8 29. Ke2 Ke6 30. Kd3 b5 31. c4 c6 32. Bd8 a4 33. cxb5 cxb5 34. bxa4 bxa4 35. Bg5 Kd5 36. Be3 Bg7 37. g4 e4+ 38. fxe4+ fxe4+ 39. Kc2 hxg4 40. hxg4 Kc4 41. g5 Kd5 42. Bd2 Kc4 43. g6 Bf6 1-0

[Event "ARG-chT"]
[Site "Villa Martelli"]
[Date "2018.08.18"]
[Round "7.2"]
[White "Fiori, Hector Dionisio"]
[Black "Cidre, Valentino"]
[Result "1-0"]
[WhiteElo "2104"]
[BlackElo "1866"]
[PlyCount "113"]
[EventDate "2018.07.07"]
[EventType "team-swiss"]
[EventRounds "9"]
[EventCountry "ARG"]
[SourceTitle "CBM 187 Extra"]
[Source "ChessBase"]
[SourceDate "2018.11.04"]
[SourceVersion "1"]
[SourceVersionDate "2018.11.04"]
[SourceQuality "1"]
[WhiteTeam "Tres de Febrero Ajedrez"]
[BlackTeam "Mar del Plata"]
[WhiteTeamCountry "ARG"]
[BlackTeamCountry "ARG"]

1. e4 c5 2. Nf3 Nc6 3. d4 cxd4 4. Nxd4 e5 5. Nb5 d6 6. N1c3 a6 7. Na3 Be7 8. Be3 Nf6 9. Nd5 Nxd5 10. exd5 Nd4 11. c3 Nf5 12. Bc1 b5 13. Bd3 Nh4 14. g3 Nf5 15. Nc2 Bg5 16. Nb4 Qf6 17. a4 Rb8 18. axb5 axb5 19. Bxg5 Qxg5 20. Nc6 Rb6 21. h4 Qf6 22. Ra7 0-0 23. Bxf5 Bxf5 24. Qf3 Kh8 25. Ne7 Bc2 26. Qxf6 gxf6 27. Kd2 Bb3 28. Ra3 Bc4 29. b3 b4 30. cxb4 Ba6 31. Rc1 Bb7 32. Rc4 Re8 33. Nc6 Rc8 34. Ra7 Ra8 35. Rxa8+ Bxa8 36. Nxe5 Bxd5 37. Rc8+ Kg7 38. Nd3 Bxb3 39. Kc3 Be6 40. Rc7 d5 41. Kd4 Rb5 42. Rc5 Rb8 43. Ra5 Bf5 44. b5 Kf8 45. Nf4 Bd7 46. Kc5 d4 47. b6 Ke7 48. Nd5+ Ke6 49. Ra2 Kf5 50. Rd2 Ke5 51. f4+ Ke4 52. Rxd4+ Kf3 53. Rd3+ Ke4 54. Re3+ Kf5 55. Kd6 Rb7 56. Re7 Bc8 57. Ne3+ 1-0